000 00430nam a22001697a 4500
003 NUST - PNEC
005 20170116181034.0
008 150919b xxu||||| |||| 00| 0 eng d
020 _a-
040 _cLIBRARY
082 _a621.381548 TER
100 _911295
_aTerman, Frederick Emmons
245 _aElectronic measurements
_cFrederick Emmons Terman
260 _cc.1952
650 _911296
_aElectronic
_xEL
942 _2ddc
_cBK
999 _c67864
_d67864